WARZYWA, KTÓRE NAKŁADAMY NA PIZZĘ: - Statystyki

Ogólne statystyki
  • Ten quiz został rozwiązany 162 razy
  • Średni wynik to 5 z 8
Statystyki odpowiedzi
Hint Odpowiedź % Poprawnych
5. POMIDOR
96%
4. PAPRYKA
85%
2. CEBULA
81%
1. KUKURYDZA
72%
7. PIECZARKI
59%
6. CZOSNEK
54%
3. OLIWKI
51%
8. OGÓREK KISZONY
10%
Nie znaleziono quizów pasujących do podanych kryteriów
Rozkład punktacji
Procent ludzi z każdym wynikiem
Percentyl według liczby udzielonych odpowiedzi
Twoja historia wyników
Nie rozwiązałeś tego quizu